Nigeria Experience with Structural Adjustment

Guardado en:
Detalles Bibliográficos
Formato: Libro
Lenguaje:inglés
Publicado: Washington International Monetary Fund 1997
Edición:1. ed.
Colección:Occasional Paper No. 148
Materias:
Etiquetas: Agregar Etiqueta
Sin Etiquetas, Sea el primero en etiquetar este registro!

MARC

LEADER 00000nam a2200000 4500
001 c021413
005 20221214071441.7
020 |a 1-55775-630-9 
041 0 |a eng 
044 |a US 
245 1 0 |a Nigeria  |b Experience with Structural Adjustment 
250 |a 1. ed. 
264 1 |a Washington  |b International Monetary Fund  |c 1997 
300 |a 106 s. 
490 1 |a Occasional Paper  |v No. 148 
830 0 |a Occasional Paper  |v No. 148 
610 2 0 |a vývoj hospodársky 
610 2 0 |a reformy štruktúrne 
610 2 0 |a adaptácia 
610 2 0 |a makroekonomika 
610 2 0 |a politika hospodárska 
610 2 0 |a ceny 
610 2 0 |a liberalizácia 
610 2 0 |a kurz devízový 
610 2 0 |a kurz výmenný 
610 2 0 |a obchod 
610 2 0 |a dlhy 
610 2 0 |a politika finančná 
610 2 0 |a politika peňažná 
610 2 0 |a miera úroková 
610 2 0 |a podnik štátny 
610 2 0 |a úspory 
610 2 0 |a investície 
610 2 0 |a inflácia 
610 2 0 |a zamestnanosť 
610 2 0 |a mzdy 
610 2 0 |a nafta 
610 2 0 |a vývoz 
610 2 0 |a politika fiškálna 
610 2 0 |a Nigéria